[Event "American World Cup Q Prelim"]
[Site "Tornelo INT"]
[Date "2021.05.09"]
[Round "9"]
[White "Lashley, Keon"]
[Black "Ragoobar, Keagan"]
[Result "1-0"]
[WhiteElo "1059"]
[BlackElo "1345"]
[PlyCount "125"]
[EventDate "2021.05.08"]
[EventType "swiss (rapid)"]
[EventRounds "9"]
[EventCountry "USA"]
[SourceTitle "CBM 202 Extra"]
[Source "ChessBase"]
[SourceDate "2021.07.31"]
[SourceVersion "1"]
[SourceVersionDate "2021.07.31"]
[SourceQuality "1"]

1. e4 c6 2. d4 d5 3. Nc3 dxe4 4. Nxe4 Bf5 5. Bd3 e6 6. Bg5 Be7 7. Bf4 Nf6 8. Nxf6+ Bxf6 9. Bxf5 exf5 10. Nf3 0-0 11. 0-0 Nd7 12. Qd2 Nb6 13. b3 Nd5 14. Rad1 Qb6 15. Bg5 Rfe8 16. c4 Bxg5 17. Nxg5 Nf6 18. Rfe1 Rad8 19. Qd3 Qa5 20. Kf1 Qxa2 21. Ra1 Qb2 22. Nf3 Rxe1+ 23. Rxe1 Ng4 24. Qe2 Qxe2+ 25. Rxe2 g6 26. Rd2 Kg7 27. h3 Nf6 28. Ne5 Ne4 29. Rd1 Kf6 30. f3 Nc5 31. Rb1 Rxd4 32. b4 Kxe5 33. bxc5 Rd7 34. Ke2 Kd4 35. Rd1+ Kxc5 36. Rxd7 Kxc4 37. Rxb7 a5 38. Kd2 c5 39. Kc2 Kd4 40. Rxf7 c4 41. Ra7 Ke3 42. Rxa5 Kf2 43. Ra7 Kxg2 44. Rxh7 Kxf3 45. h4 Kg4 46. Rg7 Kh5 47. Kc3 Kh6 48. Rf7 Kh5 49. Rh7+ Kg4 50. Kxc4 f4 51. Kd4 f3 52. Ke3 Kg3 53. Rf7 Kxh4 54. Rxf3 g5 55. Ke4 Kg4 56. Rf1 Kh4 57. Kf5 g4 58. Kf4 Kh3 59. Rg1 g3 60. Rxg3+ Kh4 61. Rg1 Kh3 62. Rg8 Kh2 63. Kf3 1-0